000
00267nam a2200121Ia 4500
008
220204s9999 xx 000 0 und d
082
_a
308(540)
_b
HUT
100
_a
Hutton, J H
245
0
_a
Caste in India
250
_a
4
260
_a
Delhi
_b
OUP
_c
1977
942
_c
BK
999
_c
29601
_d
29601